000 00467nam a22001817a 4500
003 OSt
008 241203b |||||||| |||| 00| 0 eng d
082 _a630.72
_bI-2A
100 _aIndian Agricultural Institute
245 _aAnnual Report, 2008 - 09
260 _a.- New Delhi
_b: Indian Agricultural Institute
_c, 2009
300 _a203p.
650 _aAnnual Report
650 _aIARI
650 _aDeemed University
650 _aNew Delhi
942 _2ddc
_cRP
999 _c47241
_d47241